000
00292nam a2200121 a 4500
001
4140
005
20140414132031.0
008
090218s19uu xx 00 eng d
050
_a
TR
_b
M28 2004
100
_a
Cousins, Lucy
245
_a
Maisy's twinkly crinkly counting book.
999
_c
113634
_d
113634